000 00363nam a2200157Ia 4500
003 OSt
005 20240304160422.0
008 170523s9999 xx 000 0 und d
020 _a978-0074604601
040 _cIIMTU
100 _aVERKETARATRATNEM. CS
245 0 _aPERSONNAL MANAGEMENT AND H R
260 _bTATA MC GRAW HILL
260 _c1999
942 _2ddc
_c02
999 _c917
_d917